[Event "Titled Tuesday intern op 06th Feb Early"]
[Site "Chess.com INT"]
[Date "2024.02.06"]
[Round "4"]
[White "Kozin, Yuri"]
[Black "Oliva Castaneda, Kevel"]
[Result "0-1"]
[WhiteElo "2251"]
[BlackElo "2490"]
[PlyCount "88"]
[EventDate "2024.02.06"]
[EventType "swiss (blitz)"]
[EventRounds "11"]
[EventCountry "USA"]
[SourceTitle "CB07_2024"]
[SourceDate "2024.02.14"]
[SourceVersion "1"]
[SourceVersionDate "2024.02.14"]
[SourceQuality "1"]

1. e4 c6 2. d4 d5 3. exd5 cxd5 4. c4 Nf6 5. Nc3 Nc6 6. Bg5 Be6 7. Be2 Qa5 8. c5 Ne4 9. Bd2 Nxd2 10. Qxd2 g6 11. Nf3 Bg7 12. 0-0 Bg4 13. Qf4 Bxf3 14. Bxf3 0-0 15. Nxd5 Nxd4 16. Nxe7+ Kh8 17. Rac1 Qb4 18. Kh1 Rae8 19. Nd5 Qxb2 20. Rb1 Qxa2 21. Nf6 Rd8 22. Qh4 h6 23. Bxb7 Qe6 24. Ng4 Nf5 25. Qh3 h5 26. c6 Qd6 27. Ne3 Nd4 28. Rbd1 Qc7 29. Rc1 a5 30. g4 Ne2 31. gxh5 Nf4 32. Qg3 Be5 33. hxg6 fxg6 34. Ng4 Rd3 35. Qh4+ Kg8 36. Rce1 Rh3 37. Qxh3 Nxh3 38. Rxe5 Nxf2+ 39. Rxf2 Rxf2 40. Nxf2 Qxe5 41. Kg2 a4 42. Ng4 Qf4 43. Kh3 a3 44. Bc8 Qf3+ 0-1

[Event "Sabadell Diada blitz op 16th"]
[Site "Sabadell"]
[Date "2019.09.11"]
[Round "1"]
[White "Chirivi Castiblanco, Angie Lizeth"]
[Black "Oliva Castaneda, Kevel"]
[Result "0-1"]
[WhiteElo "1957"]
[BlackElo "2515"]
[PlyCount "128"]
[EventDate "2019.09.11"]
[EventType "swiss (blitz)"]
[EventRounds "9"]
[EventCountry "ESP"]
[SourceTitle "EXT 2020"]
[Source "ChessBase"]
[SourceDate "2019.10.17"]
[SourceVersion "1"]
[SourceVersionDate "2019.10.17"]
[SourceQuality "1"]

1. Nf3 d5 2. g3 c6 3. Bg2 Bg4 4. Ne5 Be6 5. d4 g6 6. 0-0 Bg7 7. Bf4 Nf6 8. Qc1 Qb6 9. Rd1 0-0 10. Na3 Nbd7 11. c4 dxc4 12. Naxc4 Qa6 13. Nxd7 Nxd7 14. b3 Rfd8 15. e4 Rac8 16. Bf1 b5 17. Nb2 Bg4 18. Rd3 e5 19. Bh6 exd4 20. Bxg7 Kxg7 21. h3 Be6 22. Rxd4 c5 23. Rd1 Qc6 24. Qe3 c4 25. bxc4 bxc4 26. Qc3+ Kg8 27. Rac1 Qxe4 28. Bg2 Qf5 29. Na4 Qb5 30. Nb2 Nb6 31. Bb7 Rb8 32. Bg2 Qc5 33. Rxd8+ Rxd8 34. Qf6 Rd2 35. Nd1 Rxa2 36. Nc3 Rd2 37. Ra1 Rd7 38. Ne4 Qc7 39. Ng5 Bd5 40. Rc1 Bxg2 41. Kxg2 Nd5 42. Qd4 Qc6 43. Kh2 Nb6 44. Qh4 h5 45. Ne4 Kg7 46. Qf4 Rd5 47. Nc3 Rf5 48. Qd4+ Qf6 49. Qxf6+ Rxf6 50. Kg2 Rd6 51. Nb5 Rc6 52. Nxa7 Rc5 53. Kf3 Kf6 54. Ke4 Ke6 55. Kd4 Rd5+ 56. Kc3 Rd3+ 57. Kb4 Rd2 58. f4 Rd3 59. Kc5 Nd5 60. Kxc4 Rxg3 61. Nc6 Nxf4 62. Nd4+ Kf6 63. h4 Rg4 64. Nf3 Ne2+ 0-1

[Event "Sabadell Diada blitz op 16th"]
[Site "Sabadell"]
[Date "2019.09.11"]
[Round "2"]
[White "Oliva Castaneda, Kevel"]
[Black "Douriet Duany, Alexis"]
[Result "1-0"]
[WhiteElo "2515"]
[BlackElo "2196"]
[PlyCount "74"]
[EventDate "2019.09.11"]
[EventType "swiss (blitz)"]
[EventRounds "9"]
[EventCountry "ESP"]
[SourceTitle "EXT 2020"]
[Source "ChessBase"]
[SourceDate "2019.10.17"]
[SourceVersion "1"]
[SourceVersionDate "2019.10.17"]
[SourceQuality "1"]

1. d4 Nf6 2. c4 g6 3. Nc3 Bg7 4. e4 d6 5. Be2 0-0 6. Be3 Nbd7 7. g4 e5 8. d5 Nc5 9. f3 a5 10. h4 Ne8 11. h5 f5 12. hxg6 hxg6 13. gxf5 gxf5 14. Qc2 f4 15. Bf2 Qg5 16. Bf1 Bd7 17. 0-0-0 Nf6 18. Bh3 Kf7 19. Bxd7 Nfxd7 20. Nh3 Qe7 21. Rdg1 Bf6 22. Ng5+ Bxg5 23. Rh7+ Ke8 24. Rxe7+ Bxe7 25. Nb5 Kd8 26. Rg7 Re8 27. Rxe7 Kxe7 28. Nxc7 Rh8 29. Nxa8 Rxa8 30. Bxc5 Nxc5 31. Qh2 Rf8 32. b3 Kd8 33. Qh6 Ke7 34. Kc2 Nd7 35. Qe6+ Kd8 36. Qxd6 Rg8 37. c5 Rg6 1-0

[Event "Sabadell Diada blitz op 16th"]
[Site "Sabadell"]
[Date "2019.09.11"]
[Round "6"]
[White "Oliva Castaneda, Kevel"]
[Black "Valderrama Quiceno, Esteban Alberto"]
[Result "1-0"]
[WhiteElo "2515"]
[BlackElo "2490"]
[PlyCount "111"]
[EventDate "2019.09.11"]
[EventType "swiss (blitz)"]
[EventRounds "9"]
[EventCountry "ESP"]
[SourceTitle "EXT 2020"]
[Source "ChessBase"]
[SourceDate "2019.10.17"]
[SourceVersion "1"]
[SourceVersionDate "2019.10.17"]
[SourceQuality "1"]

1. Nf3 d5 2. c4 d4 3. b4 c5 4. a3 f6 5. g3 e5 6. Bg2 Nc6 7. b5 Na5 8. d3 Bd6 9. 0-0 Ne7 10. e3 Rb8 11. exd4 cxd4 12. a4 b6 13. Nfd2 0-0 14. Ne4 Bc7 15. Ba3 f5 16. Ng5 Bd6 17. Re1 h6 18. Nf3 Ng6 19. h4 Re8 20. h5 Nf8 21. Bxd6 Qxd6 22. Nh4 Kh8 23. Ra2 Nb7 24. Qf3 Qf6 25. a5 Nc5 26. a6 Be6 27. Nd2 Kg8 28. Bh3 f4 29. Bxe6+ Nfxe6 30. Ne4 Nxe4 31. Qxe4 Nc5 32. Qd5+ Kh7 33. Rae2 Rbd8 34. Qf3 fxg3 35. Qxg3 e4 36. dxe4 d3 37. e5 Qe6 38. Re3 Kg8 39. Rd1 Rd4 40. f4 Rf8 41. Ng6 Rf7 42. Kh2 Rxc4 43. Rexd3 Nxd3 44. Qxd3 Rcxf4 45. Nxf4 Rxf4 46. Qd5 Kf7 47. Qd7+ Qe7 48. Kg3 Qxd7 49. Rxd7+ Ke6 50. Kxf4 Kxd7 51. Kf5 Ke7 52. Kg6 Ke6 53. Kxg7 Kxe5 54. Kxh6 Kf6 55. Kh7 Kf7 56. h6 1-0

[Event "Sabadell op 12th"]
[Site "Sabadell"]
[Date "2019.09.06"]
[Round "5"]
[White "Kulkarni, Vinayak"]
[Black "Oliva Castaneda, Kevel"]
[Result "0-1"]
[WhiteElo "2121"]
[BlackElo "2470"]
[PlyCount "72"]
[EventDate "2019.09.02"]
[EventType "swiss"]
[EventRounds "9"]
[EventCountry "ESP"]
[SourceTitle "EXT 2020"]
[Source "ChessBase"]
[SourceDate "2019.10.17"]
[SourceVersion "1"]
[SourceVersionDate "2019.10.17"]
[SourceQuality "1"]

1. d4 d5 2. c4 e6 3. Nc3 a6 4. cxd5 exd5 5. Bf4 Nf6 6. e3 Bd6 7. Bg5 c6 8. Bd3 0-0 9. Nge2 Re8 10. Qc2 h6 11. Bh4 Be6 12. f3 c5 13. Qd2 Nc6 14. 0-0 b5 15. Rac1 c4 16. Bb1 b4 17. Na4 Be7 18. Bf2 Qa5 19. b3 c3 20. Qd1 Bd7 21. Nf4 Bd6 22. Nd3 Qc7 23. Kh1 Bf5 24. Bg1 a5 25. Rc2 Na7 26. Re2 Nb5 27. Ndc5 Bxb1 28. Qxb1 Nxd4 29. Ree1 Nxf3 30. Rxf3 Bxc5 31. Qd3 Be7 32. Bf2 Ne4 33. Qxd5 Bg5 34. Bg3 Nxg3+ 35. hxg3 Rad8 36. Qb5 c2 0-1

[Event "Sabadell op 12th"]
[Site "Sabadell"]
[Date "2019.09.04"]
[Round "3"]
[White "Valdes Romero, Leonardo"]
[Black "Oliva Castaneda, Kevel"]
[Result "1/2-1/2"]
[WhiteElo "2399"]
[BlackElo "2470"]
[PlyCount "116"]
[EventDate "2019.09.02"]
[EventType "swiss"]
[EventRounds "9"]
[EventCountry "ESP"]
[SourceTitle "EXT 2020"]
[Source "ChessBase"]
[SourceDate "2019.10.17"]
[SourceVersion "1"]
[SourceVersionDate "2019.10.17"]
[SourceQuality "1"]

1. Nf3 d5 2. g3 c6 3. Bg2 Bg4 4. 0-0 Nd7 5. d4 e6 6. c4 Bd6 7. cxd5 exd5 8. Nc3 Ngf6 9. Nh4 0-0 10. f3 Bh5 11. Nf5 Bc7 12. Qb3 Nb6 13. Bh3 Re8 14. Qd1 Nc4 15. Qd3 Nd6 16. Nxd6 Bxd6 17. Be3 Bg6 18. Qd2 Qc7 19. Bf2 Re7 20. Rac1 a6 21. Rfd1 Rae8 22. Bf1 h5 23. Qg5 Qb6 24. Qd2 h4 25. e3 hxg3 26. hxg3 Nh7 27. Kg2 f5 28. Bd3 Rf7 29. Rh1 Qd8 30. Ne2 Nf8 31. Rh2 Bh7 32. Rch1 g5 33. Qc2 Qf6 34. Rh6 Bg6 35. a3 Rh7 36. Rxh7 Nxh7 37. Qb1 Nf8 38. Rh6 Qg7 39. Qh1 Re6 40. Kf1 Nh7 41. Ng1 Bf8 42. Rxg6 Rxg6 43. Bxf5 Rh6 44. Qg2 Nf6 45. g4 Bd6 46. Bg3 Qc7 47. Ne2 Bxg3 48. Nxg3 c5 49. dxc5 Qxc5 50. Qd2 Qd6 51. Kg2 Nh7 52. Qd4 Kf7 53. e4 dxe4 54. Qxd6 Rxd6 55. Nxe4 Rb6 56. Bxh7 Rxb2+ 57. Kg3 Ra2 58. Nf2 Ke8 1/2-1/2

[Event "ESP-chT CECLUB Div1"]
[Site "Linares"]
[Date "2019.08.31"]
[Round "6.2"]
[White "Oliva Castaneda, Kevel"]
[Black "Garcia Martin, Marta"]
[Result "1-0"]
[WhiteElo "2479"]
[BlackElo "2313"]
[PlyCount "81"]
[EventDate "2019.08.26"]
[EventType "team-tourn"]
[EventRounds "7"]
[EventCountry "ESP"]
[SourceTitle "EXT 2020"]
[Source "ChessBase"]
[SourceDate "2019.10.17"]
[SourceVersion "1"]
[SourceVersionDate "2019.10.17"]
[SourceQuality "1"]
[WhiteTeam "Silla Bosch Serinsys"]
[BlackTeam "Paterna Andreu"]
[WhiteTeamCountry "ESP"]
[BlackTeamCountry "ESP"]

1. d4 d5 2. c4 e6 3. Nc3 Nf6 4. cxd5 exd5 5. Bg5 Be7 6. e3 c6 7. Bd3 Nbd7 8. Nge2 Nf8 9. Qc2 Ne6 10. Bh4 g6 11. 0-0 0-0 12. Rad1 Nh5 13. Bxe7 Qxe7 14. f3 Ng5 15. Qd2 Re8 16. f4 Ne6 17. g4 Nf6 18. g5 Nh5 19. Ng3 Neg7 20. Kf2 Bh3 21. Rg1 Rad8 22. Be2 c5 23. Nxh5 gxh5 24. Bf3 Bg4 25. Nxd5 Rxd5 26. Bxd5 Bxd1 27. Rxd1 cxd4 28. e4 Qd7 29. Qd3 Ne6 30. Qf3 Qc7 31. Kg3 h4+ 32. Kg4 Qc2 33. h3 Qxb2 34. Kxh4 Qh2 35. Rf1 Rc8 36. f5 Nf8 37. Qh5 Qc7 38. g6 Qd8+ 39. Kg4 Rc3 40. Bxf7+ Kh8 41. Qh6 1-0

[Event "ESP-chT CECLUB Div1"]
[Site "Linares"]
[Date "2019.08.30"]
[Round "5.4"]
[White "Hernandez Estevez, Yudania"]
[Black "Oliva Castaneda, Kevel"]
[Result "0-1"]
[WhiteElo "2247"]
[BlackElo "2479"]
[PlyCount "86"]
[EventDate "2019.08.26"]
[EventType "team-tourn"]
[EventRounds "7"]
[EventCountry "ESP"]
[SourceTitle "EXT 2020"]
[Source "ChessBase"]
[SourceDate "2019.10.17"]
[SourceVersion "1"]
[SourceVersionDate "2019.10.17"]
[SourceQuality "1"]
[WhiteTeam "Ourense Deportivo"]
[BlackTeam "Silla Bosch Serinsys"]
[WhiteTeamCountry "ESP"]
[BlackTeamCountry "ESP"]

1. e4 c5 2. Nf3 d6 3. d4 cxd4 4. Nxd4 Nf6 5. Nc3 a6 6. Be2 e6 7. Be3 Be7 8. Qd2 Qc7 9. 0-0-0 Nc6 10. g4 b5 11. g5 Nd7 12. Bxb5 axb5 13. Ndxb5 Qa5 14. Nxd6+ Bxd6 15. Qxd6 Nce5 16. Qd4 0-0 17. h4 Ba6 18. h5 Rfc8 19. h6 Rc4 20. Qd6 Rxc3 21. bxc3 Qxa2 22. Qb4 Nd3+ 23. Rxd3 Bxd3 24. Qb2 Bxe4 25. Rd1 Qa1+ 26. Qxa1 Rxa1+ 27. Kd2 Rxd1+ 28. Kxd1 gxh6 29. gxh6 Kf8 30. c4 Ke7 31. c5 Ne5 32. Ke2 Bxc2 33. Bf4 Nc6 34. Bd6+ Kd7 35. Ke3 Nd8 36. f4 f6 37. Kd4 Bb3 38. Bf8 Bd5 39. Bd6 Nc6+ 40. Ke3 Ke8 41. Kf2 Kf7 42. Kg3 Kg6 43. Bf8 Nd4 0-1

[Event "Sant Adria de Besos op-A 3rd"]
[Site "Sant Adria de Besos"]
[Date "2019.08.15"]
[Round "2"]
[White "Mateus Urbano, Luis Alejandro"]
[Black "Oliva Castaneda, Kevel"]
[Result "0-1"]
[WhiteElo "2334"]
[BlackElo "2479"]
[PlyCount "134"]
[EventDate "2019.08.14"]
[EventType "swiss"]
[EventRounds "9"]
[EventCountry "ESP"]
[SourceTitle "EXT 2020"]
[Source "ChessBase"]
[SourceDate "2019.10.17"]
[SourceVersion "1"]
[SourceVersionDate "2019.10.17"]
[SourceQuality "1"]

1. e4 d6 2. d4 Nf6 3. Nc3 g6 4. Be3 c6 5. h3 Bg7 6. Nf3 0-0 7. Bd3 Nbd7 8. 0-0 e5 9. dxe5 dxe5 10. a3 Qe7 11. b4 a5 12. Rb1 Rd8 13. Qc1 b5 14. Rd1 Bb7 15. Nd2 axb4 16. axb4 Nf8 17. Nb3 Ne6 18. Nc5 Nxc5 19. Bxc5 Qc7 20. Be2 Rxd1+ 21. Qxd1 Rd8 22. Qc1 Nd7 23. Be7 Re8 24. Bg5 Nf8 25. Bh6 Bxh6 26. Qxh6 Ne6 27. Nd1 Ra8 28. Ne3 Qe7 29. Bf1 Ra3 30. Ng4 f6 31. Rd1 Bc8 32. Qc1 Ra7 33. c3 h5 34. Ne3 Kg7 35. Qd2 Ra3 36. Nc2 Ra2 37. Ra1 Qa7 38. Rxa2 Qxa2 39. Qc1 Nf4 40. Ne3 Be6 41. Qd1 Qa7 42. Qd6 Qd7 43. Qxd7+ Bxd7 44. h4 g5 45. g3 Ng6 46. Be2 gxh4 47. Bxh5 hxg3 48. fxg3 Ne7 49. Kf2 Nc8 50. Ke2 Nd6 51. Bf3 Kg6 52. Kd3 Kg5 53. c4 Be6 54. c5 Nc8 55. Ke2 Ne7 56. Kf2 Ng6 57. Ke2 Bd7 58. Kd3 Ne7 59. Ke2 Ng8 60. Kd3 Nh6 61. Ke2 Nf7 62. Kd3 Nd8 63. Ke2 Ne6 64. Nf5 Be8 65. Ke3 Bg6 66. Bg2 Bxf5 67. exf5 Nd4 0-1

[Event "Sitges op 45th"]
[Site "Sitges"]
[Date "2019.07.28"]
[Round "7"]
[White "Oliva Castaneda, Kevel"]
[Black "Gonzalez Rodriguez, Jorge Armando"]
[Result "1-0"]
[WhiteElo "2467"]
[BlackElo "2201"]
[PlyCount "179"]
[EventDate "2019.07.22"]
[EventType "swiss"]
[EventRounds "9"]
[EventCountry "ESP"]
[SourceTitle "CBM 191 Extra"]
[Source "ChessBase"]
[SourceDate "2019.09.30"]
[SourceVersion "1"]
[SourceVersionDate "2019.09.30"]
[SourceQuality "1"]

1. Nf3 Nf6 2. c4 g6 3. Nc3 Bg7 4. e4 0-0 5. d4 d6 6. h3 Na6 7. Be3 c5 8. d5 Nc7 9. Bd3 a6 10. a4 b6 11. Qd2 Nd7 12. Bh6 f6 13. Bxg7 Kxg7 14. Be2 Ne5 15. Nh2 Nf7 16. f4 Rb8 17. 0-0 g5 18. fxg5 Nxg5 19. Bg4 Nf7 20. Bxc8 Qxc8 21. Ng4 Ne8 22. Ne2 Kh8 23. Ra3 Rg8 24. Nf4 Qd7 25. Qc2 Nc7 26. Raf3 Rg5 27. Nd3 Rbg8 28. b3 a5 29. Rf5 Ne8 30. Qf2 Rxf5 31. exf5 Ne5 32. Qe2 Rg5 33. Qe4 Qd8 34. Nf4 Nc7 35. Ne3 Qf8 36. g4 Qh6 37. Neg2 Rg8 38. Kf2 Na6 39. Kg3 Nb8 40. Ne3 Nbd7 41. Rh1 Qf8 42. Kf2 Nf7 43. h4 Nde5 44. Ke2 Qh6 45. Rg1 Rg7 46. Nfg2 Rg8 47. Nf4 Rg7 48. Kf1 Qxh4 49. Rh1 Qg3 50. Nh5 Qf3+ 51. Qxf3 Nxf3 52. Nxg7 Kxg7 53. Kf2 Nd4 54. Rb1 Ng5 55. Ng2 Nf7 56. Nf4 Ne5 57. Kg3 Nc2 58. Ne6+ Kg8 59. g5 fxg5 60. Nxg5 Nd4 61. f6 exf6 62. Ne4 Nf7 63. Nxf6+ Kg7 64. Nd7 Kg6 65. Nxb6 Kg5 66. Nc8 h5 67. Rf1 Nf5+ 68. Kh3 N7h6 69. Re1 Nf7 70. Ne7 Nd4 71. Rg1+ Kf4 72. Rg6 Ng5+ 73. Kh4 Ne4 74. Kxh5 Nxb3 75. Nc8 Ke5 76. Re6+ Kd4 77. Nxd6 Nxd6 78. Rxd6 Nd2 79. Ra6 Nxc4 80. d6 Ne5 81. d7 Nxd7 82. Rd6+ Kc4 83. Rxd7 Kb4 84. Rb7+ Kxa4 85. Kg4 Ka3 86. Kf3 a4 87. Ke3 Ka2 88. Kd2 a3 89. Kc2 Ka1 90. Ra7 1-0

[Event "Sitges op 45th"]
[Site "Sitges"]
[Date "2019.07.25"]
[Round "4"]
[White "Pogorelov, Ruslan"]
[Black "Oliva Castaneda, Kevel"]
[Result "1/2-1/2"]
[WhiteElo "2347"]
[BlackElo "2467"]
[PlyCount "138"]
[EventDate "2019.07.22"]
[EventType "swiss"]
[EventRounds "9"]
[EventCountry "ESP"]
[SourceTitle "CBM 191 Extra"]
[Source "ChessBase"]
[SourceDate "2019.09.30"]
[SourceVersion "1"]
[SourceVersionDate "2019.09.30"]
[SourceQuality "1"]

1. d4 Nf6 2. c4 c5 3. d5 g6 4. Nc3 Bg7 5. e4 d6 6. Nf3 0-0 7. Be2 e5 8. Bg5 h6 9. Bd2 Na6 10. a3 Nc7 11. b4 b6 12. 0-0 Nfe8 13. g3 Kh7 14. Nh4 Nf6 15. Ng2 Qe7 16. Qc2 Bh3 17. Rab1 Nd7 18. Rfe1 f5 19. exf5 Bxf5 20. Ne4 Nf6 21. f3 Nxe4 22. fxe4 Bd7 23. bxc5 bxc5 24. Ba5 Na6 25. Rb7 Rfb8 26. Rxb8 Rxb8 27. Rb1 Qe8 28. Bd1 h5 29. Bd2 Bf6 30. Ne1 Rxb1 31. Qxb1 Qb8 32. Qxb8 Nxb8 33. Nf3 Kg7 34. Kg2 Bc8 35. a4 Bd8 36. Kf2 Nd7 37. Bb3 Nb6 38. a5 Nd7 39. Ke3 g5 40. Kd3 g4 41. Nh4 Bxh4 42. gxh4 Nf8 43. Bg5 Kf7 44. Ba4 a6 45. Bc6 Ng6 46. Ke3 Nf8 47. Kf2 Ng6 48. Kg3 Nf8 49. Bh6 Ng6 50. Ba4 Ne7 51. Bd1 Ng8 52. Bg5 Kg6 53. Ba4 Kf7 54. Kf2 Ne7 55. Bd1 Ng8 56. Kg3 Nf6 57. Bxf6 Kxf6 58. h3 gxh3 59. Bxh5 Bd7 60. Be2 Kg6 61. Bf1 Ba4 62. Bxh3 Bb3 63. Bf5+ Kh6 64. Bg4 Bxc4 65. Kf2 Kg6 66. Ke3 Bb5 67. Bf3 Kh6 68. Bg4 Kg6 69. Bf3 Kh6 1/2-1/2

[Event "Barbera del Valles op 42nd"]
[Site "Barbera del Valles"]
[Date "2019.07.09"]
[Round "6"]
[White "Oliva Castaneda, Kevel"]
[Black "Sturt, Raven M"]
[Result "1/2-1/2"]
[WhiteElo "2467"]
[BlackElo "2429"]
[PlyCount "105"]
[EventDate "2019.07.04"]
[EventType "swiss"]
[EventRounds "9"]
[EventCountry "ESP"]
[SourceTitle "CBM 191 Extra"]
[Source "ChessBase"]
[SourceDate "2019.09.30"]
[SourceVersion "1"]
[SourceVersionDate "2019.09.30"]
[SourceQuality "1"]

1. c4 Nf6 2. Nf3 e6 3. g3 d5 4. Bg2 dxc4 5. Qa4+ Bd7 6. Qxc4 c5 7. Ne5 Qc8 8. Qd3 Nc6 9. Nxd7 Nxd7 10. Qb5 Nd4 11. Qa4 Be7 12. Nc3 0-0 13. d3 c4 14. 0-0 Nb6 15. Qd1 Rd8 16. e3 Nc6 17. d4 Nb4 18. b3 e5 19. d5 Qc5 20. e4 Qd4 21. Bd2 cxb3 22. axb3 Nd7 23. Re1 Rac8 24. Nb5 Qb6 25. d6 Bxd6 26. Nxd6 Qxd6 27. Bg5 Qxd1 28. Rexd1 f6 29. Bh3 fxg5 30. Bxd7 Ra8 31. Be6+ Kf8 32. Rxd8+ Rxd8 33. Rxa7 Rb8 34. Ra4 Nc6 35. Bd5 Ke7 36. Kg2 Kd6 37. Bxc6 bxc6 38. Ra7 Rxb3 39. Rxg7 c5 40. Rxh7 c4 41. Rh8 Kc5 42. h4 gxh4 43. gxh4 Kd4 44. h5 Kxe4 45. h6 Kf5 46. Rc8 Kg6 47. Rc6+ Kh7 48. Rxc4 Kxh6 49. Rc5 Kg5 50. Rxe5+ Kf4 51. Rh5 Kg4 52. Rh8 Rb2 53. Rg8+ 1/2-1/2

[Event "Guillermo Garcia Memorial-B 28th"]
[Site "Santa Clara"]
[Date "2019.04.30"]
[Round "8"]
[White "Oliva Castaneda, Kevel"]
[Black "Quesada Perez, Luis Ernesto"]
[Result "1/2-1/2"]
[WhiteElo "2452"]
[BlackElo "2518"]
[PlyCount "80"]
[EventDate "2019.04.23"]
[EventType "tourn"]
[EventRounds "9"]
[EventCountry "CUB"]
[EventCategory "6"]
[SourceTitle "CBM 190 Extra"]
[Source "ChessBase"]
[SourceDate "2019.07.15"]
[SourceVersion "1"]
[SourceVersionDate "2019.07.15"]
[SourceQuality "1"]

1. d4 e6 2. e4 d5 3. Nd2 c5 4. Ngf3 cxd4 5. exd5 Qxd5 6. Bc4 Qd7 7. 0-0 Nc6 8. Nb3 Nf6 9. Nbxd4 Nxd4 10. Nxd4 a6 11. c3 b5 12. Bb3 Bb7 13. a4 Be7 14. axb5 axb5 15. Rxa8+ Bxa8 16. Qe2 b4 17. Rd1 0-0 18. Nf5 Qb7 19. Nxe7+ Qxe7 20. c4 Nd7 21. Bc2 Nc5 22. b3 e5 23. Bb2 f6 24. Qe3 Ne6 25. Bf5 Qe8 26. f3 Nf4 27. g3 Ne6 28. h4 Qe7 29. Kf2 Nc5 30. Bc2 Qc7 31. Rd2 Qc8 32. Rd1 Qh3 33. Rg1 Rd8 34. Bc1 Ne6 35. Qb6 Re8 36. Qb5 Kf7 37. Be3 Nf4 38. Bxf4 exf4 39. Qh5+ Kf8 40. gxf4 Qh2+ 1/2-1/2

[Event "Guillermo Garcia Memorial-B 28th"]
[Site "Santa Clara"]
[Date "2019.04.27"]
[Round "5"]
[White "Oliva Castaneda, Kevel"]
[Black "Fernandez de La Vara, Arnaldo"]
[Result "1-0"]
[WhiteElo "2452"]
[BlackElo "2478"]
[PlyCount "125"]
[EventDate "2019.04.23"]
[EventType "tourn"]
[EventRounds "9"]
[EventCountry "CUB"]
[EventCategory "6"]
[SourceTitle "CBM 190 Extra"]
[Source "ChessBase"]
[SourceDate "2019.07.15"]
[SourceVersion "1"]
[SourceVersionDate "2019.07.15"]
[SourceQuality "1"]

1. d4 Nf6 2. Bg5 Ne4 3. Bf4 d5 4. e3 c5 5. Bd3 Nc6 6. Bxe4 dxe4 7. Ne2 g5 8. Bxg5 Rg8 9. Bf4 cxd4 10. exd4 e5 11. dxe5 Qxd1+ 12. Kxd1 Rxg2 13. Nbc3 Bf5 14. Ke1 Bc5 15. Rg1 Bxf2+ 16. Kf1 Rxg1+ 17. Nxg1 Bd4 18. Nb5 Ke7 19. Bg5+ Kf8 20. Bh6+ Kg8 21. Nxd4 Nxd4 22. Ne2 Nf3 23. Bf4 Re8 24. Ng3 Bg6 25. Ke2 Nxe5 26. h4 e3 27. Rg1 Kf8 28. c3 h5 29. Bh6+ Ke7 30. Bxe3 Nc4 31. b3 Nxe3 32. Kxe3 Kf6+ 33. Kf4 Rd8 34. Rf1 Kg7 35. Re1 Rd3 36. Re3 Rd2 37. Re2 Rd1 38. a4 Kf6 39. Rf2 Rb1 40. b4 Re1 41. a5 Rc1 42. Rf3 Rc2 43. Ke3+ Ke5 44. Ne2 Ra2 45. Rg3 Bf5 46. Rg5 Kf6 47. Ng3 Bg6 48. Nxh5+ Ke7 49. Nf4 Bh7 50. Rb5 b6 51. axb6 axb6 52. Rxb6 Rc2 53. Nd5+ Kf8 54. Rf6 Rh2 55. Rf4 f5 56. Kd4 Kf7 57. c4 Ke6 58. b5 Rd2+ 59. Kc5 Ke5 60. Rf1 Re2 61. b6 f4 62. b7 Rb2 63. Nb6 1-0

[Event "Guillermo Garcia Memorial-B 28th"]
[Site "Santa Clara"]
[Date "2019.04.25"]
[Round "3"]
[White "Oliva Castaneda, Kevel"]
[Black "Avila Pavas, Santiago"]
[Result "1/2-1/2"]
[WhiteElo "2452"]
[BlackElo "2295"]
[PlyCount "83"]
[EventDate "2019.04.23"]
[EventType "tourn"]
[EventRounds "9"]
[EventCountry "CUB"]
[EventCategory "6"]
[SourceTitle "CBM 190 Extra"]
[Source "ChessBase"]
[SourceDate "2019.07.15"]
[SourceVersion "1"]
[SourceVersionDate "2019.07.15"]
[SourceQuality "1"]

1. e4 Nf6 2. e5 Nd5 3. d4 d6 4. Nf3 g6 5. Bc4 Nb6 6. Bb3 Bg7 7. Qe2 0-0 8. h3 c5 9. dxc5 dxc5 10. 0-0 c4 11. Bxc4 Nxc4 12. Qxc4 Nc6 13. Qe2 Bf5 14. Na3 Qb6 15. c3 Rfd8 16. Be3 Qa5 17. Bd4 Nxd4 18. Nxd4 Qxe5 19. Qxe5 Bxe5 20. Nxf5 gxf5 21. Rfd1 Kf8 22. Kf1 e6 23. Ke2 Ke7 24. Nc4 Bc7 25. Kf3 Rac8 26. Ne3 Bb6 27. Nc2 Bc5 28. Ne1 Bb6 29. Ke2 Kf6 30. Kf3 Ke7 31. Nc2 Bc5 32. Rab1 Kf6 33. Ne1 Ke7 34. Nd3 Bd6 35. Ne1 Bc5 36. Ke2 Bb6 37. Nf3 Kf6 38. Ne1 Ke7 39. Rd3 Rxd3 40. Nxd3 Kf6 41. Rd1 Rd8 42. Rg1 1/2-1/2

[Event "Clemente Vazquez Memorial-A 16th"]
[Site "Havana"]
[Date "2018.10.17"]
[Round "7"]
[White "Oliva Castaneda, Kevel"]
[Black "Soto Hernandez, Henry"]
[Result "1/2-1/2"]
[WhiteElo "2451"]
[BlackElo "2470"]
[PlyCount "35"]
[EventDate "2018.10.13"]
[EventType "tourn"]
[EventRounds "10"]
[EventCountry "CUB"]
[EventCategory "10"]
[SourceTitle "EXT 2021"]
[Source "ChessBase"]
[SourceDate "2020.10.23"]
[SourceVersion "1"]
[SourceVersionDate "2020.10.23"]
[SourceQuality "1"]

1. Nf3 Nf6 2. c4 c5 3. g3 Nc6 4. Bg2 e5 5. Nc3 d6 6. 0-0 Be7 7. d3 h6 8. Ne1 0-0 9. Nc2 Be6 10. Ne3 Qd7 11. Re1 Rab8 12. Ned5 Bd8 13. b3 a6 14. Bb2 Bg4 15. Qd2 Nxd5 16. Nxd5 Ba5 17. Bc3 Bxc3 18. Nxc3 1/2-1/2

[Event "Clemente Vazquez Memorial-A 16th"]
[Site "Havana"]
[Date "2018.10.15"]
[Round "4"]
[White "Borges Feria, Yasel"]
[Black "Oliva Castaneda, Kevel"]
[Result "1/2-1/2"]
[WhiteElo "2433"]
[BlackElo "2451"]
[PlyCount "26"]
[EventDate "2018.10.13"]
[EventType "tourn"]
[EventRounds "10"]
[EventCountry "CUB"]
[EventCategory "10"]
[SourceTitle "EXT 2021"]
[Source "ChessBase"]
[SourceDate "2020.10.23"]
[SourceVersion "1"]
[SourceVersionDate "2020.10.23"]
[SourceQuality "1"]

1. c3 d5 2. Nf3 Nf6 3. d4 g6 4. g3 Bg7 5. Bg2 0-0 6. 0-0 c6 7. a4 Bg4 8. Ne5 Bf5 9. Nd2 Nbd7 10. Ndf3 Nxe5 11. Nxe5 Nd7 12. Nxd7 Qxd7 13. Re1 Rfe8 1/2-1/2